000 00614nam a22001817a 4500
003 UA-OsUOA
001 13462
007 ta
008 20030531b un ||||| |||| 00| 0 ukr d
100 _aСкібчик С.
942 _cSA
040 _aUA-OsUOA
_cUA-OsUOA
_dUA-OsUOA
245 _aДіяльність культурно-дозвілевих комплексів у Володимирецькому районі
300 _aС.1,2
955 _a0
773 0 _w0
_tВолодимирецький вісник
_dВолодимирець
_d2003
_g№34/35/26 квіт./
650 7 _aКлубна робота
_2UDC
999 _c299623
_d299623